Govt. of
Madhya Pradesh

The Vision Of Aridaeus (Record no. 39220)

MARC details
000 -LEADER
fixed length control field 004390000a22001690004500
003 - CONTROL NUMBER IDENTIFIER
control field MACL
005 - DATE AND TIME OF LATEST TRANSACTION
control field 20151229134330.0
008 - FIXED-LENGTH DATA ELEMENTS--GENERAL INFORMATION
fixed length control field 151229b xxu||||| |||| 00| 0 eng d
040 ## - CATALOGING SOURCE
Original cataloging agency MACL
Transcribing agency MACL
041 ## - LANGUAGE CODE
Language code of text/sound track or separate title English
082 ## - DEWEY DECIMAL CLASSIFICATION NUMBER
Classification number 189.1MEA
100 ## - MAIN ENTRY--PERSONAL NAME
Personal name Mead, G R S
9 (RLIN) 23893
245 ## - TITLE STATEMENT
Title The Vision Of Aridaeus
260 ## - PUBLICATION, DISTRIBUTION, ETC. (IMPRINT)
Name of publisher, distributor, etc. The Theosophical Publishing Society
Date of publication, distribution, etc. 1997
Place of publication, distribution, etc. London
650 ## - SUBJECT ADDED ENTRY--TOPICAL TERM
Topical term or geographic name as entry element Philosophy
9 (RLIN) 23894
942 ## - ADDED ENTRY ELEMENTS (KOHA)
Koha item type Books
Call number prefix 189.1/MEA
Source of classification or shelving scheme
Holdings
Withdrawn status Lost status Source of classification or shelving scheme Damaged status Not for loan Home library Current library Date acquired Total Checkouts Full call number Barcode Date last seen Uniform Resource Identifier Price effective from Koha item type
          MACL MACL 15/04/2015   189.1/MEA CLE011887 29/04/2015 39445 15/04/2015 Books